| 000 | 00534nam a22001937a 4500 | ||
|---|---|---|---|
| 999 |
_c526159 _d526159 |
||
| 003 | NUST | ||
| 005 | 20190709055343.0 | ||
| 008 | 190709b ||||| |||| 00| 0 eng d | ||
| 038 | _aWseem | ||
| 082 |
_a891.423 _bAHM |
||
| 100 |
_aAhmad, Ali Anwar _915915 |
||
| 245 |
_aFrishteaan da Pind / _cAli Anwar Ahmad |
||
| 260 |
_aLahore : _bPunjabi Markaz, _c2006. |
||
| 300 | _a168 p. : | ||
| 500 | _aPaper cover. | ||
| 880 |
_6100-01\r _aعلی انور احمد |
||
| 880 |
_6245-02\r _aفرشتیاں دا پنڈ / |
||
| 942 |
_2ddc _cBK |
||